| 000 | 00552nmm a2200169Ia 4500 | ||
|---|---|---|---|
| 008 | 251105s9999||||xx |||||||||||||||||und|| | ||
| 020 | _a9788484890867 | ||
| 041 | _aspa | ||
| 100 | _aMattalia, Sonia | ||
| 245 | 0 |
_aMáscaras suele vestir : _b Pasión y revuelta: escrituras de mujeres en América Latina |
|
| 264 |
_a[Madrid, España] : _bIberoamericana Vervuert, _c2003 |
||
| 300 | _a328 páginas | ||
| 490 | _aNexos y diferencias | ||
| 650 | _aLatin American literature | ||
| 856 | _uhttps://public.digitaliapublishing.com/a/17720 | ||
| 942 | _cCF | ||
| 999 |
_c86504 _d86504 |
||